<?xml version="1.0" encoding="UTF-8"?>
<record
    xmlns:xsi="http://www.w3.org/2001/XMLSchema-instance"
    xsi:schemaLocation="http://www.loc.gov/MARC21/slim http://www.loc.gov/standards/marcxml/schema/MARC21slim.xsd"
    xmlns="http://www.loc.gov/MARC21/slim">

  <leader>00634caa a22001572a 4500</leader>
  <controlfield tag="001">  015907</controlfield>
  <controlfield tag="003">  AR-FADEU</controlfield>
  <controlfield tag="008">  311216n########xxu####################dd</controlfield>
  <datafield tag="092" ind1=" " ind2=" ">
    <subfield code="a">A860.1</subfield>
    <subfield code="b">C212l</subfield>
  </datafield>
  <datafield tag="245" ind1=" " ind2=" ">
    <subfield code="a">Vicente L&#xF3;pez y Planes</subfield>
  </datafield>
  <datafield tag="300" ind1=" " ind2=" ">
    <subfield code="a">PP. 99-106</subfield>
  </datafield>
  <datafield tag="500" ind1=" " ind2=" ">
    <subfield code="a">En: La literatura virreinal / Bernardo Canal Feijoo. Buenos Aires : Centro Editor de Am&#xE9;rica Latina, 1967</subfield>
  </datafield>
  <datafield tag="942" ind1=" " ind2=" ">
    <subfield code="c">BDGR</subfield>
  </datafield>
  <datafield tag="999" ind1=" " ind2=" ">
    <subfield code="c">21665</subfield>
    <subfield code="d">21665</subfield>
  </datafield>
  <datafield tag="773" ind1="0" ind2=" ">
    <subfield code="0">6628</subfield>
    <subfield code="9">4290</subfield>
    <subfield code="a">Maciel, J. B.</subfield>
    <subfield code="b"></subfield>
    <subfield code="d">Buenos Aires</subfield>
    <subfield code="o">17</subfield>
    <subfield code="t">La literatura virreinal</subfield>
    <subfield code="w">(  AR-FADEU)  000788</subfield>
    <subfield code="x"></subfield>
    <subfield code="z"></subfield>
  </datafield>
  <datafield tag="773" ind1="0" ind2=" ">
    <subfield code="0">21658</subfield>
    <subfield code="9">21359</subfield>
    <subfield code="a">Canal Feijoo, Bernardo</subfield>
    <subfield code="b"></subfield>
    <subfield code="d">Buenos Aires</subfield>
    <subfield code="o">8579</subfield>
    <subfield code="t">La literatura virreinal</subfield>
    <subfield code="w">(  AR-FADEU)  015900</subfield>
    <subfield code="x"></subfield>
    <subfield code="z"></subfield>
  </datafield>
</record>
